00333nam a2200133Ia 4500008004100000041000800041082001600049100001500065245002100080260002800101300002700129365001600156700002700172230718s9999 xx 000 0 und d aeng a006.66bSIN aSinha A.N. aCompuer Graphics c2008bTata Mc-Graw Hill a471dRef 25 IT (33303) cRs.b450.00 aSinha A.N. & Udai A.D.